000 00620cab a2200205 4500
001 ABS52106
008 090401t1995 xxu||||| |||| 00| 0 eng d
035 _a(Sirsi) u61058
041 _aeng
100 _aCarty, P.
245 _aJust down the road
260 _c1995
350 _a0
490 _aAccountancy
_v115(1217) January 1995, 40-42(3)
520 _aAnalyses why companies choose to relocate and looks at the increasing trend to only move a short distance to retain the bulk of the staff and management.
650 _aRELOCATION
690 _aECONOMIC AND SOCIAL
942 _n0
948 _c04/03/1997
999 _c37753
_d37753